000 00602nam a2200217Ia 4500
003 BUBTL
008 151213s9999 xx 000 0 und d
020 _a`9847002000060
082 _a823.5/ Sw54g/ 2007
100 _aSwift, Jonathon
_95003
245 _aGulliver's Travels :
_cJonathon Swift
250 _a1st Edn
260 _aDhaka
_bFriends Books Corner
_cc2007
300 _a[xxxxix],360p. :
_b18 cm
650 _aEnglish Literature
650 _a
700 _aJonathon Swift
_95004
856 _k0
_l0
_yDownload
942 _2ddc
_cBK
999 _c3314
_d3314